000 00422nam a2200157Ia 4500
008 220805s9999 xx 000 0 und d
020 _a1-58923-138-4
041 _aeng
082 _a747.797
260 _aMinnesota
_bCreative pub.
_c2004
245 _aThe complete guide to Kitchens
245 _bdesign, plan, and install a dram Kitchen
250 _a1
300 _a286
650 _aInterior Decoration Kitchen
_987784
999 _c48322
_d48322